Top 10 des plus grands tueurs en série - Statistiques

Statistiques générales
  • Ce quiz a été pris 594 fois
  • Le résultat moyen est 2 sur 10
Statistiques - réponses
Hint Réponse % Correct
6 Ted Bundy
81%
3 Jeffrey Dahmer
69%
2 Albert Fish
23%
8 Gary Ridway
3%
5 Gilles de Rais
3%
7 Andrei Tchikatilo
2%
9 Denis Nisen
2%
1 Luis Alfredo Garavito
2%
10 Richard Trenton Chase
2%
4 Pedro Filho
1%
Aucun quiz correspondant
Distribution des résultats
% des personnes avec chaque résultat
Percentile par nombre de réponses
Votre historique - résultats
Vous n’avez pas pris ce quiz